000 00719nam a2200217 a 4500
001 11523
003 BD-RjUL
005 20211208235135.0
008 140127r19631928nyuaf b 001 0 eng c
035 _a(BD-RjUL)11572
040 _aDLC/ICU
_cCGU
_dNLM
_dEQO
_dBD-RjUL
_beng
041 _aeng
082 _223
_a571.6
_bSPE 1963
245 1 0 _aSpecial cytology :
_bthe form and functions of the cell in health and disease; a textbook for students of biology and medicine .. /
_cedited by Edmund V. Cowdry
250 _a2nd. ed.
260 _aNew York :
_bP.B. Hoeber, inc.,
_c1928 [reprinted 1963]
300 _av. :
_bill. ;
_c25 cm.
505 0 _avol. 1-- v. 2-- v. 3--
650 0 _aCytology
_935648
942 _2ddc
_cBK
999 _c11523
_d11523